| 000 | 00676nam a2200217 i 4500 | ||
|---|---|---|---|
| 001 | 189713 | ||
| 003 | ES-MaACL | ||
| 005 | 20250831082014.0 | ||
| 007 | t| | ||
| 008 | 190926s1967 sp ||||1| spa d | ||
| 100 | 1 |
_aPablo _bVI _cPapa, Santo. _9168351 |
|
| 245 | 1 | 3 |
_aLa familia cristiana _b: carta pastoral / _cGiovanni B. Montini. |
| 250 | _a2ª ed. | ||
| 260 |
_aSalamanca : _bSígueme, _c1967. |
||
| 300 |
_a89 p. ; _c23 cm. |
||
| 490 | 1 |
_aColección "Iglesia, Siglo XX" ; _v6 |
|
| 650 |
_aFamilias- _xAspectos religiosos. _9172469 |
||
| 830 | 0 | 0 |
_aColección "Iglesia, siglo XX" _v6 _9182791 |
| 852 |
_aES-MaACL _jP-863-Bis-4 |
||
| 999 |
_c189713 _d189713 |
||